Estadísticas para Países por Cambio en Emisiones de CO2

Haz click aquí para intentar la prueba.

Estadísticas generales

  • Esta prueba ha sido intentada 577 veces
  • La puntuación promedio es 17 de 20

Estadísticas de respuestas

Aumento / PerdidaPaís% Correcto
6,840,000China
99%
-515,000Estados Unidos
98%
-57,500España
97%
-28,900Francia
97%
1,000,000India
97%
231,000Rusia
96%
-72,700Alemania
95%
-58,800Canadá
95%
-106,000Italia
95%
176,000Brasil
94%
-84,300Reino Unido
94%
216,000Indonesia
87%
145,000Corea del Sur
85%
244,000Arabia Saudita
80%
244,000Irán
79%
122,000Tailandia
72%
-22,500Grecia
71%
-49,800Ucrania
68%
145,000Kazajistán
44%
-25,200Chequia
38%

Distribución de puntuación

Porcentaje por número respondido

Porcentaje de gente con cada puntuación

Historial de tus puntuaciones

No has intentado esta prueba.